000
00259nam a2200097Ia 4500
008
240331s9999 xx 000 0 und d
082
_b
CEN
100
_a
Center for Policy Alternatives and the Forum of Federations. ed
245
4
_a
The federal iIdea
942
_c
L
999
_c
3953
_d
3953